| Tag |
First Indicator |
Second Indicator |
Subfields |
| LEADER |
00000pam a2200000 a 4500 |
| 001 |
in00000096081 |
| 005 |
20150923173939.0 |
| 008 |
820120s1981 ne a b 10110 eng |
| 010 |
|
|
|a 81023452
|
| 020 |
|
|
|a 9027713790
|
| 035 |
|
|
|a (OCoLC)08170516
|
| 035 |
|
|
|9 AAK8472AM
|
| 039 |
0 |
|
|a 2
|b 3
|c 3
|d 3
|e 3
|
| 040 |
|
|
|a DLC
|c DLC
|d TXA
|d UtOrBLW
|
| 049 |
|
|
|a TXAM
|c [1633485]
|
| 050 |
0 |
0 |
|a Q327
|b N2 1981
|
| 082 |
0 |
|
|a 001.53/4
|2 19
|
| 111 |
2 |
|
|a NATO Advanced Study Institute
|d (1981 :
|c Oxford)
|
| 245 |
1 |
0 |
|a Pattern recognition theory and applications :
|b proceedings of the NATO Advanced Study Institute held at St. Anne's College, Oxford, March 29- April 10, 1981 /
|c edited by J. Kittler, K.S. Fu, and L.F. Pau.
|
| 264 |
|
1 |
|a Dordrecht, Holland ;
|a Boston :
|b D. Reidel ;
|c [1982]
|
| 264 |
|
2 |
|a Hingham, MA :
|b Sold and distributed in the U.S.A. and Canada by Kluwer Boston,
|
| 264 |
|
4 |
|c ©1982
|
| 300 |
|
|
|a ix, 576 pages :
|b illustrations ;
|c 25 cm.
|
| 336 |
|
|
|a text
|b txt
|2 rdacontent
|
| 337 |
|
|
|a unmediated
|b n
|2 rdamedia
|
| 338 |
|
|
|a volume
|b nc
|2 rdacarrier
|
| 490 |
1 |
|
|a NATO advanced study institutes series. Series C, Mathematical and physical sciences ;
|v v. 81
|
| 500 |
|
|
|a "Published in cooperation with NATO Scientific Affairs Division."
|
| 504 |
|
|
|a Includes bibliographical references and indexes.
|
| 650 |
|
0 |
|a Pattern perception
|v Congresses.
|
| 650 |
|
0 |
|a Biomedical engineering
|v Congresses.
|
| 650 |
|
0 |
|a Automatic speech recognition
|v Congresses.
|
| 700 |
1 |
|
|a Kittler, Josef,
|d 1946-
|
| 700 |
1 |
|
|a Fu, K. S.
|q (King Sun),
|d 1930-1985.
|
| 700 |
1 |
|
|a Pau, L.-F.
|q (Louis-François),
|d 1948-
|
| 710 |
2 |
|
|a North Atlantic Treaty Organization.
|b Scientific Affairs Division.
|
| 830 |
|
0 |
|a NATO advanced study institutes series.
|n Series C,
|p Mathematical and physical sciences ;
|v v. 81.
|
| 999 |
|
|
|a MARS
|
| 999 |
f |
f |
|s d11538f6-8a13-33c9-984f-1b0e049d690e
|i 05e3d422-6690-3944-b218-957ce12f90ae
|t 0
|
| 952 |
f |
f |
|p ric
|a Texas A&M University
|b Rellis Campus
|c Joint Library Facility
|d Remote Storage
|t 0
|e Q327 N2 1981
|h Library of Congress classification
|i unmediated -- volume
|m A14806039240
|
| 998 |
f |
f |
|a Q327 N2 1981
|t 0
|l Remote Storage
|